Sports Quiz

Random Sports or Food Quiz

Sports Teams by Cake III Quiz Stats

 Plays Quiz Updated Nov 11, 2017

Challenge
Share
Tweet
Score 0/20 Timer 06:00
5 Plays Today
% Correct
Los Angeles Dodgers
95.5%
Buffalo Bills
93.6%
Chicago Bears
91%
Boston Bruins
89.2%
Arizona Cardinals
88.9%
Phoenix Suns
88.4%
Cincinnati Bengals
88.3%
Atlanta Falcons
88%
Baltimore Orioles
85.7%
Utah Jazz
85.4%
% Correct
Kansas City Royals
84.8%
Chicago Blackhawks
84.8%
Calgary Flames
83.6%
Oklahoma City Thunder
82.6%
Memphis Grizzlies
82%
Miami Marlins
78.5%
Arizona Coyotes
76.3%
Buffalo Sabres
75.2%
Minnesota Twins
70%
Dallas Mavericks
69.9%

You're not logged in!

Compare scores with friends on all Sporcle quizzes.
Join for Free
OR
Log In

You Might Also Like...

Show Comments

Extras

Top Quizzes Today


Score Distribution

Your Account Isn't Verified!

In order to create a playlist on Sporcle, you need to verify the email address you used during registration. Go to your Sporcle Settings to finish the process.

Report this User

Report this user for behavior that violates our Community Guidelines.

Details: